000 00645nam a2200229Ia 4500
003 OSt
005 20221005133651.0
006 a|||||r|||| 00| 0
007 ta
008 221004b |||||||| |||| 00| 0 hin d
024 _a119232
037 _cTextual
040 _aCRL
_cCRL
_bhin
041 _2hin
_ahin
082 _az.58.N7, 152L7
245 0 _aसोवियत संघ
_b 100 प्रश्न और उनके उत्तर
246 _aSoviyat sangha: 100 prashna aur unake uttara
260 _c1977
300 _a121पृ0
_ccm.
942 _hz.58.N7, 152L7
_cTEXL
_2cc
999 _c1067483
_d1067483